000 00772nam a2200277 a 4500
001 12741
003 BD-JhCC
005 20230510093750.0
008 230510s2019 enk 000|1|eng|d
015 _aGBB8M6748
_2bnb
016 7 _a019158083
_2Uk
020 _a9781409181613
035 _a(BD-JhCC)12741
040 _aStDuBDS
_beng
_erda
_cStDuBDS
_dUkOxU
_dBD-JhCC
082 0 4 _a823.92
_223
_bMIC 2019
100 1 _aMichaelides, Alex,
_d1977-
_eauthor.
245 1 4 _aThe silent patient /
_cAlex Michaelides.
264 1 _aLondon :
_bOrion Books,
_c2019.
264 4 _c©2019
300 _a341 pages ;
_c24 cm
336 _atext
_2rdacontent
337 _aunmediated
_2rdamedia
338 _avolume
_2rdacarrier
650 0 _aPsychological fiction.
942 _2ddc
_cBK
999 _c12741
_d12741